<?xml version="1.0" encoding="UTF-8"?>
<record
    xmlns:xsi="http://www.w3.org/2001/XMLSchema-instance"
    xsi:schemaLocation="http://www.loc.gov/MARC21/slim http://www.loc.gov/standards/marcxml/schema/MARC21slim.xsd"
    xmlns="http://www.loc.gov/MARC21/slim">

  <leader>01275nam a2200337 a 4500</leader>
  <controlfield tag="001">BRCA_34</controlfield>
  <controlfield tag="005">20190320202844.0</controlfield>
  <controlfield tag="008">921130s1992####enka#####b---f001-0#eng-#</controlfield>
  <datafield tag="020" ind1=" " ind2=" ">
    <subfield code="a">0415071674 (v.1)</subfield>
  </datafield>
  <datafield tag="020" ind1=" " ind2=" ">
    <subfield code="a">0415071658 (v.2)</subfield>
  </datafield>
  <datafield tag="020" ind1=" " ind2=" ">
    <subfield code="a">0415071631 (v.3)</subfield>
  </datafield>
  <datafield tag="041" ind1=" " ind2=" ">
    <subfield code="a">eng</subfield>
  </datafield>
  <datafield tag="044" ind1=" " ind2=" ">
    <subfield code="a">enk</subfield>
  </datafield>
  <datafield tag="050" ind1=" " ind2="4">
    <subfield code="a">AM141</subfield>
    <subfield code="b">.S35 1992</subfield>
  </datafield>
  <datafield tag="245" ind1="1" ind2="0">
    <subfield code="a">Science for Conservators.</subfield>
  </datafield>
  <datafield tag="260" ind1=" " ind2=" ">
    <subfield code="a">Inglaterra</subfield>
    <subfield code="b">The Conservation Unit of the Museums &amp; Galleries Commission in conjunction with Routledge</subfield>
    <subfield code="c">1992</subfield>
  </datafield>
  <datafield tag="300" ind1=" " ind2=" ">
    <subfield code="a">3 v.</subfield>
    <subfield code="b">il.</subfield>
    <subfield code="c">25 cm.</subfield>
  </datafield>
  <datafield tag="440" ind1=" " ind2="0">
    <subfield code="a">Science for conservators</subfield>
    <subfield code="9">158</subfield>
  </datafield>
  <datafield tag="504" ind1=" " ind2=" ">
    <subfield code="a">Incluye referencias bibliogr&#xE1;ficas e &#xED;ndice</subfield>
  </datafield>
  <datafield tag="505" ind1="0" ind2=" ">
    <subfield code="a">Contenido: v.1. An introduction to materials: Conservation Science Teaching Series. -- v.2. Cleaning: Conservation Science Teaching Series. -- v.3. Adhesives and coatings: Conservation Science Teaching Series</subfield>
  </datafield>
  <datafield tag="650" ind1="1" ind2="4">
    <subfield code="a">M&#xE9;todos de conservaci&#xF3;n en museos</subfield>
    <subfield code="v">Gu&#xED;as, manuales, etc.</subfield>
    <subfield code="9">159</subfield>
  </datafield>
  <datafield tag="650" ind1="1" ind2="4">
    <subfield code="a">Arte</subfield>
    <subfield code="x">Conservaci&#xF3;n y restauraci&#xF3;n</subfield>
    <subfield code="9">160</subfield>
  </datafield>
  <datafield tag="650" ind1="1" ind2="4">
    <subfield code="a">Qu&#xED;mica</subfield>
    <subfield code="9">161</subfield>
  </datafield>
  <datafield tag="650" ind1="1" ind2="4">
    <subfield code="a">Museograf&#xED;a</subfield>
    <subfield code="9">162</subfield>
  </datafield>
  <datafield tag="650" ind1="1" ind2="4">
    <subfield code="a">Limpieza</subfield>
    <subfield code="x">Gu&#xED;as, manuales, etc.</subfield>
    <subfield code="9">163</subfield>
  </datafield>
  <datafield tag="650" ind1="1" ind2="4">
    <subfield code="a">Adhesivos</subfield>
    <subfield code="9">164</subfield>
  </datafield>
  <datafield tag="740" ind1="0" ind2=" ">
    <subfield code="a">An introduction to materials</subfield>
  </datafield>
  <datafield tag="740" ind1="0" ind2=" ">
    <subfield code="a">Cleaning</subfield>
  </datafield>
  <datafield tag="740" ind1="0" ind2=" ">
    <subfield code="a">Adhesives and coatings</subfield>
  </datafield>
  <datafield tag="942" ind1=" " ind2=" ">
    <subfield code="2">lcc</subfield>
    <subfield code="c">B</subfield>
  </datafield>
  <datafield tag="999" ind1=" " ind2=" ">
    <subfield code="c">34</subfield>
    <subfield code="d">34</subfield>
  </datafield>
  <datafield tag="952" ind1=" " ind2=" ">
    <subfield code="0">0</subfield>
    <subfield code="1">0</subfield>
    <subfield code="4">0</subfield>
    <subfield code="7">0</subfield>
    <subfield code="a">BRCA</subfield>
    <subfield code="b">BRCA</subfield>
    <subfield code="d">2008-06-25</subfield>
    <subfield code="l">0</subfield>
    <subfield code="o">AM141 .S35 1992</subfield>
    <subfield code="p">00029_1</subfield>
    <subfield code="r">2019-03-23 00:00:00</subfield>
    <subfield code="w">2019-03-23</subfield>
    <subfield code="y">B</subfield>
  </datafield>
  <datafield tag="952" ind1=" " ind2=" ">
    <subfield code="0">0</subfield>
    <subfield code="1">0</subfield>
    <subfield code="4">0</subfield>
    <subfield code="7">0</subfield>
    <subfield code="8">AG</subfield>
    <subfield code="a">BRCA</subfield>
    <subfield code="b">BRCA</subfield>
    <subfield code="d">2012-01-16</subfield>
    <subfield code="l">0</subfield>
    <subfield code="o">AM141 .S35 1992</subfield>
    <subfield code="p">00030_1</subfield>
    <subfield code="r">2019-03-23 00:00:00</subfield>
    <subfield code="w">2019-03-23</subfield>
    <subfield code="y">B</subfield>
  </datafield>
  <datafield tag="952" ind1=" " ind2=" ">
    <subfield code="0">0</subfield>
    <subfield code="1">0</subfield>
    <subfield code="4">0</subfield>
    <subfield code="7">0</subfield>
    <subfield code="8">AG</subfield>
    <subfield code="a">BRCA</subfield>
    <subfield code="b">BRCA</subfield>
    <subfield code="d">2012-01-16</subfield>
    <subfield code="l">0</subfield>
    <subfield code="o">AM141 .S35 1992</subfield>
    <subfield code="p">00031_1</subfield>
    <subfield code="r">2019-03-23 00:00:00</subfield>
    <subfield code="w">2019-03-23</subfield>
    <subfield code="y">B</subfield>
  </datafield>
</record>
